Barney : (Record no. 7761)
[ view plain ]
| 000 -LEADER | |
|---|---|
| fixed length control field | 00949nam a22003017a 4500 |
| 001 - CONTROL NUMBER | |
| control field | 7761 |
| 003 - CONTROL NUMBER IDENTIFIER | |
| control field | FISKH |
| 005 - DATE AND TIME OF LATEST TRANSACTION | |
| control field | 20250805093111.0 |
| 008 - FIXED-LENGTH DATA ELEMENTS--GENERAL INFORMATION | |
| fixed length control field | 250805b cb ||||| |||| 00| 0 eng d |
| 020 ## - INTERNATIONAL STANDARD BOOK NUMBER | |
| International Standard Book Number | 9788120730250 |
| 040 ## - CATALOGING SOURCE | |
| Original cataloging agency | FISKH |
| Language of cataloging | eng |
| Transcribing agency | FISKH |
| Modifying agency | FISKH |
| 050 ## - LIBRARY OF CONGRESS CALL NUMBER | |
| Classification number | PZ7.B4573 B |
| 082 ## - DEWEY DECIMAL CLASSIFICATION NUMBER | |
| Classification number | 370 |
| 100 ## - MAIN ENTRY--PERSONAL NAME | |
| Personal name | S.Bernthal, Mark |
| 245 ## - TITLE STATEMENT | |
| Title | Barney : |
| Remainder of title | Let's go to the library / |
| Statement of responsibility, etc. | Written by Mark S.Bernthal ; Photography by Dennis Full |
| 250 ## - EDITION STATEMENT | |
| Edition statement | This edition first published in 2006 |
| 260 ## - PUBLICATION, DISTRIBUTION, ETC. | |
| Place of publication, distribution, etc. | New Delhi : |
| Name of publisher, distributor, etc. | Sterling, |
| Date of publication, distribution, etc. | 2006 |
| 300 ## - PHYSICAL DESCRIPTION | |
| Extent | 23 unnumbered pages : |
| Other physical details | color illustrations ; |
| Dimensions | 22 cm |
| 505 ## - FORMATTED CONTENTS NOTE | |
| Formatted contents note | J<br/> |
| 520 ## - SUMMARY, ETC. | |
| Summary, etc. | Barney takes Baby Bop to the library so that she can get her own library card.<br/> |
| 521 8# - TARGET AUDIENCE NOTE | |
| Target audience note | 500 estimated<br/> |
| Source | lexile<br/> |
| 521 8# - TARGET AUDIENCE NOTE | |
| Target audience note | J<br/> |
| Source | Raz-Plus<br/> |
| 650 ## - SUBJECT ADDED ENTRY--TOPICAL TERM | |
| Source of heading or term | Barney |
| Topical term or geographic name entry element | Library |
| 650 ## - SUBJECT ADDED ENTRY--TOPICAL TERM | |
| Source of heading or term | Kids book |
| Topical term or geographic name entry element | Paperback |
| 700 ## - ADDED ENTRY--PERSONAL NAME | |
| Personal name | Full, Dennis |
| Dates associated with a name | illustrator |
| 942 ## - ADDED ENTRY ELEMENTS (KOHA) | |
| Source of classification or shelving scheme | Dewey Decimal Classification |
| Koha item type | Books |
| Suppress in OPAC | No |
| Withdrawn status | Lost status | Source of classification or shelving scheme | Damaged status | Not for loan | Collection | Home library | Current library | Shelving location | Date acquired | Total Checkouts | Full call number | Barcode | Date last seen | Copy number | Price effective from | Koha item type |
|---|---|---|---|---|---|---|---|---|---|---|---|---|---|---|---|---|
| Dewey Decimal Classification | Juvenile Fiction | Footprints International School Library Network Toul Tom Poung Campus | Footprints International School Library Network Toul Tom Poung Campus | TTP Primary Dark Blue Bookshelves | 08/05/2025 | BER 370 PZ7.B4573 B | FISBT00072 | 08/05/2025 | 1 | 08/05/2025 | Books |
